00650cam a2200205 450000100060000000300080000600500170001400800390003103500190007004000320008904100080012108200220012910000270015124500880017826000360026630000290030250400660033150400200039765000270041732604BD-RjUL20211209051849.0140427s1968 nyubfh b 001 0 eng a(BD-RjUL)32693 aDLCcDLCdDLCdBD-RjULbeng aeng00a297.822bLEA 19681 aLewis, Bernard,d1916-14aThe Assassins: a radical sect in Islam :bA Redical sect in islam /cBernard Lewis aNew York :bBasic Books,c1968. a166 p. :bill. ;c22 cm. aBibliographical references included in "Notes" (p. [141]-160) aIncludes index. 0aAssassins (Ismailites)